000 01329nam a22002297a 4500
005 20251103125735.0
008 251103b |||||||| |||| 00| 0 eng d
020 _a9780829421156
040 _cAL
041 _aEnglish
082 _a658.4092
_bLOWH
100 _aChris Lowney
_9243508
245 _aHeroic leadership
_b: best practices from a 450 year old company that changed the world
260 _aChicago
_bLoyola Press,
_c2003
300 _a330p.
_bPB
_c23x15cm
365 _aIN-87911
_b₹1607.33
_c
_d₹1607.33
_f03-10-2025
520 _aLeadership Principles for Lasting Success Leadership makes great companies, but few of us truly understand how to turn ourselves and others into great leaders. One company—the Jesuits—pioneered a unique formula for molding leaders and in the process built one of history’s most successful companies.In this groundbreaking book, Chris Lowney reveals the leadership principles that have guided the Jesuits for more than 450 years: self-awareness, ingenuity, love, and heroism. Lowney shows how these same principles can make each of us a dynamic leader in the twenty-first century.
650 _aLeadership Religious aspects Catholic Church
_9243455
650 _aJesuits History
_9243456
650 _aManagement Moral and ethical aspects
_9243457
942 _2ddc
_cBK
999 _c240636
_d240636